How to serve charge sheet, suspend and terminate your employees. (Record no. 92255)
[ view plain ]
| 000 -LEADER | |
|---|---|
| fixed length control field | 00359nam a2200133Ia 4500 |
| 008 - FIXED-LENGTH DATA ELEMENTS--GENERAL INFORMATION | |
| fixed length control field | 210210b1986 xxu||||| |||| 00| 0 eng d |
| 082 ## - DEWEY DECIMAL CLASSIFICATION NUMBER | |
| Classification number | 344.01 NAYH |
| 100 ## - MAIN ENTRY--PERSONAL NAME | |
| Personal name | NAYAR (H). |
| 245 ## - TITLE STATEMENT | |
| Title | How to serve charge sheet, suspend and terminate your employees. |
| 260 ## - PUBLICATION, DISTRIBUTION, ETC. | |
| Place of publication, distribution, etc. | ND |
| Name of publisher, distributor, etc. | Law book corporation |
| Date of publication, distribution, etc. | 1986 |
| 300 ## - PHYSICAL DESCRIPTION | |
| Extent | 30 |
| 690 ## - LOCAL SUBJECT ADDED ENTRY--TOPICAL TERM (OCLC, RLIN) | |
| Topical term or geographic name as entry element | Social Law |
| 906 ## - LOCAL DATA ELEMENT F, LDF (RLIN) | |
| a | 042278 |
| Withdrawn status | Lost status | Damaged status | Not for loan | Collection code | Home library | Current library | Shelving location | Date acquired | Cost, normal purchase price | Total Checkouts | Full call number | Barcode | Date last seen | Price effective from | Koha item type |
|---|---|---|---|---|---|---|---|---|---|---|---|---|---|---|---|
| Law | St Aloysius Library | St Aloysius Library | 02/17/2021 | 17.00 | 344.01 NAYH | 042278 | 02/17/2021 | 02/17/2021 | Book |